Statistics for Video Game Characters A-Z

Click here to take the quiz!

General Stats

  • This quiz has been taken 1,489 times
  • The average score is 11 of 26

Answer Stats

LetterHintHintAnswer% Correct
MPlumberMushroomsMario
94%
SHedgehogSuper-speedSonic the Hedgehog
88%
PPrincessMushroom KingdomPeach
87%
YMarioDinosaurYoshi
84%
ZHyrulePrincessZelda
79%
BKoopaSpikesBowser
77%
LHeroSkyward SwordLink
76%
KGodSpartaKratos
75%
TMushroomHelperToad
71%
AAssassinSyriaAltaïr Ibn-La'Ahad
57%
OCaptainPikminOlimar
40%
CMarsupialAku-AkuCrash Bandicoot
39%
GScientistBlack MesaGordon Freeman
38%
NGangsterSerbiaNiko Bellic
38%
REarthrealmThunder GodRaiden
35%
WPortalCoreWheatley
28%
QNetherrealmNecromancerQuan Chi
19%
VFalloutVault TecVault Boy
19%
HLegendaryFirebirdHo-Oh
18%
DNephilimRebellionDante
13%
EBioshockPrisonElizabeth
13%
FVilkasWerewolfFarkas
11%
IEngineer2500Isaac Clarke
10%
UAnimal SpiritLeague of LegendsUdyr
8%
JPhoto-journalistPey'jJade
6%
XTekkenWangXiaoyu
6%

Score Distribution

Percentile by Number Answered

Percent of People with Each Score

Your Score History

You have not taken this quiz